00675nam a2200169Ia 450000500170000000800410001702000150005808200130007310000350008624500870012126000510020830000120025950001180027194200060038995200950039599900150049020240903011822.0240331s9999 xx 000 0 und d a9555920141 bGUIa658 aSri Lanka Foundation Institute 0aGuidelines on meetings, workshops and discussions :bAdult education workshop No.1 aColombobSri Lankan Foundation Institutec1997 a29 p ., aThe Contest of this publication are based on a workshop on adult education held at the SLFI on 18 June 1996. this cL 001040708LaWERCLbWERCLcSSCd2024-03-31l0o 658 GUIp5681r2024-03-31w2024-03-31yL c3059d3059